| 000 | 00885nam0a2200277 4500 | ||
|---|---|---|---|
| 001 | RU\NLR\ONL2\19217 | ||
| 005 | 20260623074548.0 | ||
| 035 | _a(NLR Aleph) 009666802 | ||
| 090 |
_a13736877 _c13736877 |
||
| 100 | _a20100607d1966 u||y0rusy50 ca | ||
| 101 | 1 |
_aaze _crus |
|
| 102 | _aAZ | ||
| 105 | _aa ||||||||| | ||
| 200 | 1 |
_aИнсан hәjата бир дәфә ҝәлир _e[пер. с рус.] _fВ. М. Дjунин |
|
| 210 |
_aБакы _cАзәрнәшр _d1966 |
||
| 215 |
_a148 с. _cил. _d17 |
||
| 541 | 1 |
_aЖизнь дается один раз... _eочерки _zrus |
|
| 686 | 1 | _aШ6(2=Аз)-91Р7-46 | |
| 700 | 1 |
_aДюнин _bВ. М. _gВиктор Михайлович _4070 |
|
| 801 | 0 |
_aRU _bNLR _c20101206 _gPSBO |
|
| 852 |
_aNLR _bОНЛ _jАзерб./2-13698 |
||
| 942 | _cBOOK | ||
| 980 | _aONL_RF | ||
| 980 | _aNB | ||